| 000 | 00603nam a2200253Ia 4500 | ||
|---|---|---|---|
| 005 | 20260320200834.0 | ||
| 008 | 008 262003s9999 xx 000 0 eng d | ||
| 020 | _a9781608078974 | ||
| 037 | _aEBOOK | ||
| 040 | _aCRL | ||
| 040 | _beng | ||
| 040 | _cCRL | ||
| 041 | _2eng | ||
| 041 | _aeng | ||
| 084 | _qCRL | ||
| 100 |
_aElsherbeni _91133561 |
||
| 245 | 0 | _aAdvanced Computational Electromagnetic Methods | |
| 260 | _bIEEE | ||
| 260 | _c2015 | ||
| 856 | _uhttps://ieeexplore.ieee.org/servlet/opac?bknumber=9100242 | ||
| 942 | _cEBOOK | ||
| 999 |
_c1717220 _d1717220 |
||